INDIAN FINANCIAN SYSTEM (Record no. 12862)
[ view plain ]
| 000 -LEADER | |
|---|---|
| fixed length control field | 00601cam a2200217ua 4500 |
| 008 - FIXED-LENGTH DATA ELEMENTS--GENERAL INFORMATION | |
| fixed length control field | 160327n2006 II |||gr||||Z||||||eng |
| 040 ## - CATALOGING SOURCE | |
| Original cataloging agency | MAIN |
| 041 ## - LANGUAGE CODE | |
| -- | English |
| 082 ## - DEWEY DECIMAL CLASSIFICATION NUMBER | |
| Classification number | 332 VAR |
| 100 ## - MAIN ENTRY--PERSONAL NAME | |
| Personal name | VARSHNEY, P.N. |
| 245 ## - TITLE STATEMENT | |
| Title | INDIAN FINANCIAN SYSTEM |
| 250 ## - EDITION STATEMENT | |
| Edition statement | 8RTH REV. |
| 260 ## - PUBLICATION, DISTRIBUTION, ETC. | |
| Place of publication, distribution, etc. | NEW DELHI |
| Name of publisher, distributor, etc. | S.CHAND & COMPANY |
| Date of publication, distribution, etc. | 2006 |
| 300 ## - PHYSICAL DESCRIPTION | |
| Extent | (1--p.): |
| Dimensions | 22CM. |
| 500 ## - GENERAL NOTE | |
| General note | Donated by Madhuri Kamder, Ex.Student, Sibsagar Girls` College on 30-09-2013 |
| 700 ## - ADDED ENTRY--PERSONAL NAME | |
| Personal name | VARSHNEY, P.N., |
| Relator term | AUTHOR. |
| 700 ## - ADDED ENTRY--PERSONAL NAME | |
| Personal name | MITTAL, D.K., |
| Relator term | AUTHOR. |
| 942 ## - ADDED ENTRY ELEMENTS (KOHA) | |
| Koha item type | Books |
| 653 ## - INDEX TERM--UNCONTROLLED | |
| Uncontrolled term | Financial economics |
| Withdrawn status | Lost status | Damaged status | Not for loan | Collection code | Home library | Current library | Shelving location | Date acquired | Full call number | Barcode | Date last seen | Copy number | Price effective from | Koha item type | Public note |
|---|---|---|---|---|---|---|---|---|---|---|---|---|---|---|---|
| TBECO | Central Library and Information Centre Sibsagar Girls College | Central Library and Information Centre Sibsagar Girls College | ECONOMICS BOOK RACK | 18.03.1987 | 332 VAR | 09539 | 27.02.2020 | 1 | 27.02.2020 | Books | V |